Use the Clues to Find the WW2 Country - Statistics

General Stats
  • This quiz has been taken 17 times
  • The average score is 10 of 13
Answer Stats
Hint Answer % Correct
Maginot Line, Vichy _____, General de Gaulle France
88%
Blitzkrieg, General Guderian, Wermacht, Luftwaffe Germany
88%
Axis, Mussolini, "The Weak Underbelly of Europe" Italy
88%
General Tito, Balkans, Allies Yugoslavia
88%
Allies, Greco-Italian War, Athens, General Papagos Greece
81%
Sino-________ese War, Emperor Hirohito, Pearl Harbor Japan
81%
Anschluss, ______-Hungary Austria
75%
Benelux, Allies, General Leopold Belgium
75%
Amsterdam, Dikes, General Winkelmann Netherlands
75%
Warsaw, Danzig, General Smigly Poland
75%
Pearl Harbor, FDR, Operation Torch, General Patton USA
69%
General Zhukov, Barbarossa, Winter War, Allies USSR
69%
The Battle of ______, Allies, Churchill, General Montgomery Great Britain
56%
No matching quizzes found
Score Distribution
Percent of People with Each Score
Percentile by Number Answered
Your Score History
You have not taken this quiz